00385nam a2200157Ia 4500001000500000005001700005008004100022041000800063082001500071100002900086245005900115260000900174300002800183650000800211654000800219977120260306161743.0260306t2013||||xx |||||||||||||| ||spa|| aESP a415.9bF11 aFábregas, AntonioeAUT 0aLa morfología:bel análisis de la palabra compleja c2013 a318 páginas :c23 cm. aGEN aCED